| 000 | 01237nam a22002297a 4500 | ||
|---|---|---|---|
| 999 |
_c11309 _d11309 |
||
| 003 | AR-CdUCM | ||
| 008 | 190403b ||||| |||| 00| 0 spa d | ||
| 040 |
_aMUNICIPALIDAD PROVINCIAL DEL CUSCO _cBIBLIOTECA MUNICIPAL DEL CUSCO |
||
| 082 |
_a119 / _bV46 /1864 |
||
| 100 |
_aVentura de Raulica, Joaquín _928619 |
||
| 245 | _aLa filosofía cristiana / | ||
| 260 |
_aMadrid : _bImprenta F. Martinez Garcia, _c1864. |
||
| 300 |
_a688 paginas ; _c21 cm. |
||
| 500 | _aDedicatoria : | ||
| 505 | _aContenido :Doctrinas preliminares de la ontologia cristiana sobre las causas, los principios , el poder y el acto -- Doctrinas preliminares de la física cristiana sobre el compuesto natural, o teoría escolástica sobre la materia y la forma -- De los sistemas de la filosofía pagana, antigua y moderna, comparados con los sistemas de la filosofía cristiana respecto a los elementos de los cuerpos -- De los seres vivos, de sus almas, y de los actos específicos de las diferentes especies de almas... | ||
| 650 |
_aPalabra de Dios _94532 |
||
| 650 |
_aFilosofía Cristiana _916628 |
||
| 650 |
_aSectas y evangelios _928620 |
||
| 700 |
_aRedactores del tesoro de predicadores ilustres _928621 |
||
| 942 |
_2ddc _cLIBROS |
||
| 945 | _awnts | ||